| 000 | 00836nam a2200253 a 4500 | ||
|---|---|---|---|
| 001 | 14169 | ||
| 003 | BD-JhCC | ||
| 005 | 20250205125101.0 | ||
| 008 | 250204b1999 u a|||| ||a| 001 0 eng d | ||
| 020 | _a0130834432 | ||
| 035 | _a(BD-JhCC)14169 | ||
| 040 |
_aBD-JhCC _dBD-JhCC |
||
| 041 | _aEnglish | ||
| 082 |
_a621.3822 _bOPP 1999 |
||
| 100 | _a Oppenheim, Alan V. | ||
| 245 |
_a Analysis patterns : reusable object models _breusable object models / _cAlan V. Oppenheim, Ronald W. Schafer, John R. Buck. |
||
| 260 |
_aAmerica: _b Prentice Hall; _c1999. |
||
| 300 |
_axxvi, 870 p. : _bill; _c24 cm. |
||
| 651 |
_aDISCRETE COSINE TRANSFORM _vSignal processing Mathematics _xSignal processing Digital techniques _zSignaalverwerking |
||
| 700 | _a Schafer, Ronald W. | ||
| 700 | _aBuck,John R. | ||
| 942 |
_2ddc _cBK |
||
| 999 |
_c14169 _d14169 |
||